000 02110nam a22002417a 4500
999 _c60345
_d60345
003 Ge_BSU
005 20230630172848.0
008 230630s1967 ge ||||| |||| 00| 0 geo d
041 _ageo
080 _a94(479.22)(093) გ-34
245 _aგეორგიკა. ტ. 7, [XII-XIV საუკუნეთა ბიზანტიურ-ბერძნული მასალები] /
_cტექსტები ქართ. თარგმანითურთ გამოსცა და განმარტებები დაურთო ს. ყაუხჩიშვილმა ; საქ. სსრ მეცნ. აკადემია, საქ. შესახებ არსებული უცხოური წყაროების კომისია, აღმოსავლეთმცოდნეობის ინსტიტუტი.
264 _aთბილისი :
_bმეცნიერება,
_c1967.
300 _a332 გვ.;
_b23 სმ.
440 _x
_919118
490 _aუცხოური წყაროები საქართველოს შესახებ ; XX
500 _aტექსტი პარალ. ბერძნ. და ქართ. ენ.
653 _aსაქართველოს ისტორიის ბიზანტიური წყაროები
653 _aსაქართველოს ისტორიის ბერძნული წყაროები
700 _aგამყრელიძე, ალ.,
_e მთარგმნელი.
_919119
700 _aყაუხჩიშვილი, ს.
_e მთარგმნელი.
_919120
710 _aსაქართველოს სსრ მეცნიერებათა აკადემია
_bსაქართველოს შესახებ არსებული უცხოური წყაროების კომისია. ივ. ჯავახიშვილის სახ. ისტორიის ინსტიტუტი.
_919121
942 _2udc
_cBK